| 000 | 00488nam a22001817a 4500 | ||
|---|---|---|---|
| 003 | OSt | ||
| 005 | 20140310182955.0 | ||
| 008 | 130207t xxu||||| |||| 00| 0 eng d | ||
| 020 | _a9715870120 | ||
| 050 |
_aHF 5635 _b.V632 2000 |
||
| 100 | _aVicente, Ma. Violeta V. | ||
| 245 |
_aAdvanced accounting / _cMa. Violeta V. Vicente |
||
| 260 |
_aMandaluyong : _bMutual Books, Inc., _c2000. |
||
| 300 |
_a658 p. : _c23 cm. _bill. ; |
||
| 521 | _aBSA | ||
| 942 |
_2lcc _cBK _kLOC |
||
| 999 |
_c17983 _d17983 |
||